Hồ Xuân Hương: Tác phẩm và lời bình

Gardado en:
Detalles Bibliográficos
Formato: Libro
Publicado: 2005
Các nhãn: Engadir etiqueta
Sen Etiquetas, Sexa o primeiro en etiquetar este rexistro!
Thư viện lưu trữ: Mạng thư viện Đại học Đà Nẵng
LEADER 00459nam a22001811a 4500
001 000039286
003 15581
005 20160412021942.0
008 160412s2005 000
082 |a 4V(TK)1130-32 
245 |a Hồ Xuân Hương: Tác phẩm và lời bình  |c Tuấn Thành 
260 |c 2005 
OWN |a LNN 
999 |a From the UDN01 
TYP |a Monograph 
980 |a Mạng thư viện Đại học Đà Nẵng